000 01305nam a2200337 c 4500
003 BLK
005 20250404143902.0
008 180411b bul|||||r ||||||| ||bul||
010 _aKNG00186722000
020 _a954-8070-91-Х
_bиздат.: Калпазанов
040 _aBLK
041 _aBUL
_cBUL
080 _aАмериканска литература (на САЩ)
_b821.111(73)
_x-31
_z821.111(73)-31
100 1 _aЛий, Елси
_eпърви автор
_9241901
700 1 _aСкорчева, Нели
_eпрев.
_9363312
139 _aЛий, Елси
_bЛ 56
245 1 0 _aЗловещото абатство
_bРоман
_cЕлси Лий; прев. Нели Скорчева.
257 _aUSA
260 София
_bКалпазанов
_c1993
_fПловдив : Полиграфия
300 _a312 с.
_c20 см
380 _aX
490 1 _aНеразгадана страст
_v2
500 _aОриг. загл. Sinister Abbey / Elsie Lee. - Офс. изд. - 30 000 тир.
653 _aромантична проза
852 _aЦб 177507
856 4 _qpdf
_u
856 4 _qpdf
_u
942 _cKNG
_n0
_023
944 _aCR
_c26.02.2016
_lМинев Младен
_k30530
944 _aED
_c27.06.2016
_lф /
_kЛюдмила_Стоянова
999 _c178024
_d178024